| 000 | 00741cam a2200145 4500500 | ||
|---|---|---|---|
| 005 | 20260208010231.0 | ||
| 041 | _afre | ||
| 042 | _adc | ||
| 100 | 1 | 0 |
_aRoulin, Jean-Marie _eauthor |
| 245 | 0 | 0 | _aFrançois-René de Chateaubriand, Écrits politiques (octobre 1818 – mars 1820). Le Conservateur . Édition critique par Colin Smethurst, dans Œuvres complètes, sous la direction de Béatrice Didier, t. XXVI (1). Paris, Champion, 2016. Un vol. de 577 p. |
| 260 | _c2016. | ||
| 500 | _a20 | ||
| 786 | 0 | _nRevue d'histoire littéraire de la France | 116 | 4 | 2016-11-30 | p. 951m-1024m | 0035-2411 | |
| 856 | 4 | 1 | _uhttps://shs.cairn.info/revue-d-histoire-litteraire-de-la-france-2016-4-page-951m?lang=fr&redirect-ssocas=7080 |
| 999 |
_c1655678 _d1655678 |
||